Quiz ultime #6 - Statistiques

Statistiques générales
  • Ce quiz a été pris 61 fois
    47 depuis la dernière actualisation
  • Le résultat moyen est 15 sur 50
Statistiques - réponses
Hint Réponse % Correct
Chiffre, entier naturel et nombre premier réputé pour porter chance Sept
71%
Auteur du roman paru en trois volumes Le Seigneur des anneaux J. R. R. Tolkien
68%
Dans quelle ville est implanté le club de football du Galatasaray? Istanbul
65%
Capitale européenne située sur l’île de Sjælland Copenhague
62%
Quelle plante aquatique est bleue dans le titre d'un album de Tintin ? Lotus
62%
Dans la série de bande dessinée suisse Yakari comment s'appelle le cheval ? Petit Tonnerre
62%
Nom de ce personnage? Steve
62%
Capitale du Mali Bamako
53%
En électricité, quelle unité utilise-t-on pour mesurer la résistance ? Ohm
53%
A quel pays appartient ce drapeau ? Mongolie
50%
Quel grand personnage de la Révolution française était surnommé "l'Incorruptible"? Robespierre
47%
Coup au échec permettant de protéger son roi derrière une de ses tours Roque
47%
Footballeur international espagnol qui évolue au poste d'attaquant du début des années 2000 à la fin des années 2010. Il se révèle à l'Atlético de Madrid, puis confirme avec Liverpool terminant 3ème du Ballon d'or 2008 Fernando Torres
44%
Qui a été ministre de l'Éducation nationale en France de 2017 à 2022 ? Jean-Michel Blanquer
44%
Quelle star de la pop a donné son nom à l'aéroport de Liverpool ? John Lennon
44%
Plus long fleuve d'Europe de 3 700 km qui coule en Russie et se jette dans la mer Caspienne La Volga
44%
Le nom de la marque Nike est inspirée de la déesse Nikè, quelle est sa signification? La Victoire
41%
Maître Jedi de la saga cinématographique Star Wars possédant un sabre laser violet Mace Windu
41%
Quelle est la traduction du mot "pain" en Allemand ? Brot
35%
Comment s'appelle cette plante herbacée de la famille des brassicacées à racine pivotante ? Radis noir
32%
Quel département de France métropolitainea la plus grande superficie avec une superficie de 10 725 km² ? La Gironde
29%
Monnaie utilisée en Corée Won
29%
Quel est cet objet égyptien ? Ânkh/Croix de vie
26%
Qui est l'auteur de ce tableau intitulé Le Chemin de fer réalisé en 1873 ? Édouard Manet
26%
Plus grande place de Paris, elle est située dans le 8e arrondissement. Elle porte le même nom que l'hymne national du Gabon Place de la Concorde
24%
Chanteuse cap-verdienne né en 1941 et morte en 2011, elle popularise auprès du grand public mondial la morna, genre musical du Cap-Vert, ainsi que sa variante rapide, la coladeira Cesária Évora
21%
Quel animal produit le mohair ? Chèvre
21%
Dans quelle commune italienne Léonard de Vinci est-il né ? Vinci
21%
Capitale de la Gambie Banjul
18%
Quel agrume parfume les bonbons carrés qui sont la spécialité de Nancy ? Bergamote
18%
Année durant laquelle a eu lieu l’éruption du Vésuve qui a détruit Pompéi En l’an 79
18%
Bouteille en verre conçue pour contenir l'équivalent de huit bouteilles de 75 cl, soit 6 litres Mathusalem
18%
Dans la mythologie égyptienne il a tué Osiris Seth
18%
Personnage de League of Legends, combattant généralement joué sur la voie du haut qui alterne son direct du gauche et son direct du droit Sett
18%
Quel mot hébreu se traduit par « cessation, abstention, s'arrêter» Shabbat
18%
Quand on parle des andouillettes AAAAA, à quel mot correspond le dernier A ? Authentique
15%
Quel est ce col plat et arrondi, associé à une encolure posée au ras du cou ? Col Claudine
15%
Quel est le nom courant du peroxyde d'hydrogène utilisé comme désinfectant ? Eau oxygénée
15%
Spécialité corse de saucisse de foie de porc reconnaissable à sa forme en « U » et sa couleur ambrée à brune Figatellu
15%
Quelle est la femelle du pou, dont on parle dans l'expression "fier comme un pou"? La poule (pou = coq en vieux français)
15%
Érudit grec, particulièrement connu pour son évaluation de la circonférence de la Terre très proche de la réalité. Il est nommé directeur de la bibliothèque d'Alexandrie par le roi d'Égypte Ptolémée III vers 245 av. J-C. Ératosthène
12%
Quel est le nom de cette île volcanique coréenne située à 83 kilomètres au sud de la péninsule coréenne ? Jeju (En coréen Jeju-do)
12%
Comment s'appelle la chaîne de montagnes située sur la partie occidentale de l'île du Sud en Nouvelle-Zélande ? Les Alpes du Sud/ Alpes néo-zélandaises
9%
Quelle est cette race porcine française originaire du Limousin ? Cochon Cul Noir
6%
Mot qui désigne une espèce de mammifères ongulés artiodactyles, du groupe des ruminants, vivant dans les savanes africaines et un ustensile de cuisine qui permet de réduire les légumes en purée, d'émulsionner et d'homogénéiser certaines sauces Girafe
6%
Beignet soufflé et sucré de pâte à choux frite Pet de nonne
6%
Plus haute chute d’eau du monde Salto Angel
6%
Figure de style qui consiste à décrire, par ironie ou par euphémisme, une situation diamétralement opposée à la situation réelle Anticatastase
3%
Autre nom du poisson rouge Carassin doré
0%
Détroit de la mer du Japon qui sépare l’île d'Hokkaidō (Japon) de l’île de Sakhaline (Russie) Le détroit de La Pérouse
0%
Aucun quiz correspondant
Distribution des résultats
% des personnes avec chaque résultat
Percentile par nombre de réponses
Votre historique - résultats
Vous n’avez pas pris ce quiz depuis la dernière actualisation